| 000 | 00785 a2200229 4500 | ||
|---|---|---|---|
| 001 | 41818 | ||
| 005 | 20260407155709.0 | ||
| 008 | 260407a2007 arg spa d | ||
| 003 | AR-UNSa-BCEJYS | ||
| 040 |
_aAR-UNSa-BCEJYS _bspa _cAR-UNSa-BCEJYS |
||
| 080 |
_a347.736 _xQuiebra. Insolvencia. Suspensión de pagos. Bancarrota, procedimientos. Derecho Concursal |
||
| 245 | 1 | 0 |
_aConcursos y quiebras _pAdenda de actualización. Ley 26.086 |
| 250 | _a8a. ed. | ||
| 264 | 1 |
_aBuenos Aires : _bAstrea _c2007 |
|
| 300 |
_a30 p. _c22 cm. |
||
| 041 | _aspa | ||
| 942 | _cBK | ||
| 590 | _aniveau_biblio:m niveau_hierar:0 | ||
| 100 | 1 | _aGebhardt, Marcelo | |
| 700 | 1 | _aFassi, Santiago C. | |
| 856 | 4 | 1 |
_uhttps://biblioeco.unsa.edu.ar/pmb/images/revistas/E00058.jpg _yImagen de portada _qimage/jpeg |
| 999 |
_c3534 _d3534 |
||